000
00309 a2200145 4500
999
_c
12018
_d
12018
003
OSt
005
20240111140152.0
008
240111b ||||| |||| 00| 0 eng d
020
_a
9788972129844
082
_a
720
100
_a
A & C
245
_a
Architecture Details vol4
260
_b
A & C
942
_2
ddc